Statistiques concernant Les surnoms des rois de France.

Cliquez ici pour prendre le quiz!

Statistiques générales

  • Ce quiz a été pris 1 812 fois
    (1 033 depuis la dernière actualisation)
  • Le résultat moyen est 11 sur 23

Statistiques - réponses

SurnomsRoisDynastie% Correct
Le Roi-SoleilLouis XIVBourbons
95%
CapetHugues IerCapétiens
84%
Saint LouisLouis IXCapétiens
81%
Le BelPhilippe IV | Charles IVCapétiens
74%
AugustePhilippe IICapétiens
59%
Le Bien-AiméLouis XVBourbons
58%
Le PosthumeJean IerCapétiens
57%
Le GrosLouis VICapétiens
55%
Le HutinLouis XCapétiens
53%
Le Bien-Aimé/Le FolCharles VIValois
50%
Le JusteLouis XIIIBourbons
44%
Le GrandHenri IV | Louis XIVBourbons
43%
Le BonJean IIValois
43%
Le HardiPhilippe IIICapétiens
43%
Le LionLouis VIIICapétiens
38%
Le Père du peupleLouis XIIValois
36%
Le LongPhilippe VCapétiens
36%
Le VictorieuxCharles VIIValois
35%
Le PrudentLouis XIValois
28%
Le SageCharles VValois
27%
L'AffableCharles VIIIValois
24%
Le JeuneLouis VIICapétiens
24%
Le PieuxRobert IICapétiens
20%

Distribution des résultats

Percentile par nombre de réponses

% des personnes avec chaque résultat

Votre développement - résultats

Vous n’avez pas pris ce quiz depuis la dernière actualisation